Evaluation of industrial projects : selected studies presented at the Interregional Symposium on Industrial Project Evaluation held in Prague, Czechoslovaquia, 11 to 29 October 1965.
Guardado en:
| Autores Corporativos: | , |
|---|---|
| Formato: | Libro |
| Idioma: | English |
| Publicado: |
New York :
United Nations,
1968.
|
| Series: | Document (United Nations) ;
ID/Ser.H/1 Project formulation and evaluation series ; no. 1 |
| Materias: | |
| Etiquetas: |
Agregar Etiqueta
Sin Etiquetas, Sea el primero en etiquetar este registro!
|
| LEADER | 01192nam a22002535a 4500 | ||
|---|---|---|---|
| 001 | EIQ.libpla000135 | ||
| 008 | 050929s1968####nyua#####b####100#0#eng#d | ||
| 005 | 20060508200255.0 | ||
| 245 | 1 | 0 | |a Evaluation of industrial projects : |b selected studies presented at the Interregional Symposium on Industrial Project Evaluation held in Prague, Czechoslovaquia, 11 to 29 October 1965. |
| 260 | |a New York : |b United Nations, |c 1968. | ||
| 300 | |a iv, 298 p. : |b il. ; |c 28 cm. | ||
| 440 | 0 | |a Document (United Nations) ; |v ID/Ser.H/1 | |
| 490 | 1 | |a Project formulation and evaluation series ; v. 1 | |
| 500 | |a United Nations publication sales no.: E.67.II.B.23. | ||
| 504 | |a Bibliography: p. 294-298. | ||
| 111 | 2 | |a Interregional Symposium on Industrial Project Evaluation |d (1965 : |c Prague, Czech Republic) | |
| 710 | 2 | |a United Nations Industrial Development Organization. | |
| 830 | 0 | |a Project formulation and evaluation series ; |v no. 1 | |
| 650 | 4 | |a Desarrollo económico |v Congresos. | |
| 650 | 4 | |a Industalización |v Congresos. | |
| 650 | 0 | |a Economic development |v Congresses | |
| 650 | 0 | |a Industrialization |x Congresses | |
| 040 | |a AR-BbSID |b spa |c AR-BbSID | ||
| 859 | |a AR-BbSID |b BIB. PLAPIQUI |h 330 |i N 113 |p 904 | ||
